000 00961nam a22002897a 4500
001 BR8807399
003 BR-BrBNA
005 20230928093110.0
007 ta
008 230509b bl.||||| |||| 00| 0 por d
040 _aBR-BrBNA
_bpor
_cBiblioteca Nacional de Agricultura
041 _a(Por)
072 _aE14; F06
_b/G514
090 _ E14 BR8807399
100 1 _aLeitao, J.W.
100 1 _aMelo, G.C.
110 1 _aBanco do Nordeste do Brasil S.A., Fortaleza, CE (Brasil). Escritorio Tecnico de Estudos Economicos do Nordeste
_91146
245 1 _aPrograma de irrigacao do Nordeste. 4. (Documento preliminar para discussao)Grupo 3. Avaliacao e sugestoes para o aprimoramento dos programas especiais do Nordeste
260 3 _aFortaleza, CE (Brasil):
_c1983.
300 _a105 p.
500 _a7 illus.
650 _aPROJETO AGRICOLA
650 _aIRRIGACAO
650 _aREGIAO NORDESTE
909 _a202309
_bLucia
_c55
_dLucia Elande
942 _cBK
999 _c42988
_d42988